000 00785nab a2200241 u 4500
001 17898
003 HDC
007 cr bn ---aaaaa
008 210225c20100122xx dr|noo 0 a eng d
040 _aHDC
245 0 _aMimit eyes global sales of GoHalal system
260 _a[No place] :
_b[publisher not identified],
_c2010
336 _atext
_2rdacontent
337 _acomputer
_2rdamedia
338 _aonline resource
_2rdacarrier
650 _aGoHalal system
_917059
650 _ahalal accreditation
_97868
710 _aDagangHalal.com
856 _zRequest full-text at [email protected]
942 _2lcc
942 _cNEWS
942 _kNWSO 005990
999 _c15214
_d15214